CIELE A ÚLOHY ŠTK

Bibliographic Details
Main Author: Trautenberger, Ľudovít (Author)
Format: Article
Language:Slovak
Subjects:

MARC

LEADER 00000nab a2200000Ia 4500
001 vtls010711138
003 SK-MaSNL
005 20260304194241.0
008 250709|1983 xo |||||||||||||||||slo|
035 |a (urnnbn)urn:nbn:sk:snk:ar-a046ax 
035 |a (uuid)f815cf33-7298-4152-b859-b975843a7960 
035 |a urn:nbn:sk:snk-ab3eda 
040 |a SNKBUCL  |b slo  |c SNKBUCL  |e AACR2 
041 0 |a slo 
044 |a xo  |c SK 
080 |a 316.346.32-053.6  |2 2001 
100 1 |a Trautenberger, Ľudovít  |4 aut  |9 1528479 
245 1 0 |a CIELE A ÚLOHY ŠTK  |c Ľudovít Trautenberger 
650 0 7 |a mládež  |2 SNKPH  |9 1575 
650 0 7 |a šport  |2 SNKPH  |9 1042 
650 0 7 |a podujatia  |2 SNK  |9 405652 
773 0 |t Iamesák : spravodaj Slovenského horolezeckého zväzu IAMES  |g Roč. 15, č. 1 (1983), s. 23-24 
850 |a Slovenská národná knižnica 
852 |a Slovenská národná knižnica 
958 |a article1 
958 |a OND 
999 |c 3073198  |d 3075128